| 000 | 00680nam a2200205Ia 4500 | ||
|---|---|---|---|
| 003 | IN-BaIIA | ||
| 008 | 211028s9999 xx 000 0 eng d | ||
| 020 | _a0-12-204230-1 | ||
| 040 | _cIIA Library | ||
| 080 |
_a512:519.68 _bDAV |
||
| 100 |
_aDavenport, J. H. _916302 |
||
| 245 | 0 |
_aComputer algebra _bsystems and algorithms for algebraic computation _cJ. H. Davenport, Y. Siret and E. Tournier |
|
| 260 |
_aLondon _bAcademic Press _c1988 |
||
| 300 | _axix, 267p. | ||
| 650 | _aAstronomy and astrophysics thesaurus | ||
| 650 |
_aComputer algebra _916303 |
||
| 700 |
_aSiret, Y. _916304 |
||
| 700 |
_aTournier, E. _916305 |
||
| 942 | _cBK | ||
| 999 |
_c9662 _d9662 |
||